000 00537ntaaa2200193 4500
003 01
005 20251027202023.0
008 0714s1973 ag 01
040 _aAR-BaBN
_bspa
_cAR-BaBN
_eaacr
_dRIC
082 _a248.5000 M69m
100 _aMitson, Eileen N
_918845
245 _aMás allá de las sombras
250 _a1 ed.
260 _aBuenos Aires :
_bJunta Bautista de Publicaciones,
_c1968
300 _a155 p
500 _aAutobiografía de un madre cuya hija padece leucemia.
650 _avida espiritual
_9658
942 _cBK
999 _c14980
_d14980